Estática
Sparad:
| Huvudupphovsman: | |
|---|---|
| Materialtyp: | Bok |
| Språk: | spanska |
| Publicerad: |
Barcelona
Reverté
1968
|
| Ämnen: | |
| Taggar: |
Lägg till en tagg
Inga taggar, Lägg till första taggen!
|
MARC
| LEADER | 00000nam a2200000 a 4500 | ||
|---|---|---|---|
| 001 | UCV5778 | ||
| 003 | CL-VaPUC | ||
| 008 | 910114e19680000SP |||||||||||||||||spa|d | ||
| 082 | 0 | 4 | |a 620.103 |b MER |2 21 |
| 100 | |a Meriam, James L. |e autor |9 535784 | ||
| 245 | 1 | 0 | |a Estática |
| 300 | |a 366 p | ||
| 942 | |c BK | ||
| 945 | |d 19910114 00:00:00 | ||
| 260 | |a Barcelona |b Reverté |c 1968 | ||
| 650 | 0 | |a Estática |9 260452 | |
| 583 | |a last modification |c 19910114 00:00:00 |k Rodrigo Vera | ||
| 999 | |c 212154 |d 212152 | ||